000 01117nam a2200217Ia 4500
001 9993
003 GE_BSU
008 181216s||||||||xx |||||||||||||| ||und||
040 _cGE_BSU
080 _a821.353.1+821.353.1-1+821.353.1-92+821.353.1-09
245 _aპირველი სხივი:სტალინის სახ.თბილისის სახ. უნივერსიტეტის სტუდენთა ლიტერატურული წრის ალმანახი
245 _bწ.2
245 _cსარედ.კოლ.ბ.ჟღენტი და სხვ.მხატვ.ს.კეცხოველი
260 _aთბილისი
260 _bუნივერსიტეტის გამ–ბა
260 _c1951
300 _a340გვ.24მ.
520 _aსტალინის სახ.თბილისის სახ.უნივერსიტეტის სტუდენტთა ლიტერატურული წრის ალმანახი
653 _aპირველი სხივი
942 _cBK
999 _c43266
_d43266